1376 1014 1707 1070 1881 1640 1151 1657 1703 1600 1858 1514 1094 1089 1929 1358 1109 1738 1928 1982 1736 1574 1809 1321 1421 1939 1617 1498 1653 1027 1083 1886 1759 1008 1431 1494 1612 1054 1299 1933 1296 2000 1324 1624 1085 1559 1037 1361 1067 1483 1361 1666 1045 1394 1096 1066 1198 1305 1563 1500 1582 1817 1504 1415 1548 1070 1876 1882 1457 1266 1602 1946 1398 1324 1180 1610 1884 1381 1604 1959 1695 1059 1765 1491 1216 1775 1089 1620 1972 1449 1768 1913 1485 1038 1089 1240 1025 1354 1241 BCNSPRNW ULIB Ver.6.0+V

เปลี่ยนเป็นภาษาไทย

Change to English
 แสดงรายละเอียดบรรณานุกรม
  กลับหน้าหลัก

Brief Record : Get Marc (ISO 2709) : E-mail record : QR code < ปิดหน้าต่าง
LEADER : 00000nam 2200000uu 4500
001    13399109287
003     ULIB
008    110327s2552||||th 000 0 tha d
020    9747233835
060 04 WA546.JT3^bก941พ 2552
245 00 พลวัตสุขภาพกับการพึ่งตนเอง :^bภาคชนบท /^cโกมาตรจึงเสถียรทรัพย์ ... [และคนอื่นๆ]
250    พิมพ์ครั้งที่ 2
260    นนทบุรี :^bสำนักงานวิจัยสังคมและสุขภาพ,^c2552
300    314 หน้า ;^c21 ซม.
650  7 การแพทย์กับสังคม
650  7 การแพทย์แผนโบราณ^zไทย
650  7 มานุษยวิทยาการแพทย์
650  7 สุขภาพ^zไทย
650  7 อนามัยชุมชน, การบริการ^zไทย
700 0  โกมาตร จึงเสถียรทรัพย์,^d2502-
710 2  สำนักวิจัยสังคมและสุขภาพ
945    ^p250^l0^i025123
995    ทศพร
999 ^a ใช้งานได้ทุกระบบ
รายการนี้ยังไม่มีแท็ก
คุณยังไม่ได้ล็อกอิน คุณสามารถมีกิจกรรมร่วมกับเว็บไซต์ได้ แต่ต้องล็อกอินก่อน ::
  ล็อกอิน

รายการสื่อสารสนเทศ

ลำดับที่ ประเภท เลขเรียก/บาร์โค้ด สถานที่ สถานะ
- ไม่พบข้อมูล -

รายการใกล้เคียง
    หัวเรื่อง [การแพทย์กับสังคม]
    หัวเรื่อง [การแพทย์แผนโบราณ ไทย]
    หัวเรื่อง [มานุษยวิทยาการแพทย์]

BibComment


ยังไม่เคยถูกคอมเมนท์

คอมเมนท์ทรัพยากรรายการนี้
  คอมเมนท์: พลวัตสุขภาพกับการ..


 Copyright 2026. Bcnsprnw @Library